Shivapura kambara namaskara: Padmashri Da. Chandrashekhara kambara abhinandana grantha. (Record no. 107033)
[ view plain ]
| 000 -LEADER | |
|---|---|
| fixed length control field | 00851nam a2200205Ia 4500 |
| 003 - CONTROL NUMBER IDENTIFIER | |
| control field | OSt |
| 005 - DATE AND TIME OF LATEST TRANSACTION | |
| control field | 20250210150948.0 |
| 008 - FIXED-LENGTH DATA ELEMENTS--GENERAL INFORMATION | |
| fixed length control field | 210210b2004 xxu||||| |||| 00| 0 eng d |
| 040 ## - CATALOGING SOURCE | |
| Transcribing agency | AL |
| 041 ## - LANGUAGE CODE | |
| Language code of text/sound track or separate title | Kannada |
| 082 ## - DEWEY DECIMAL CLASSIFICATION NUMBER | |
| Classification number | K894.9 JAYS |
| 100 ## - MAIN ENTRY--PERSONAL NAME | |
| Personal name | JAYAPRAKASHA MAVINAKULI. |
| 9 (RLIN) | 138801 |
| Dates associated with a name | ಜಯಪ್ರಕಾಶ್ ಮಾವಿನಕುಳಿ |
| 245 ## - TITLE STATEMENT | |
| Title | Shivapura kambara namaskara: Padmashri Da. Chandrashekhara kambara abhinandana grantha. |
| Remainder of title | ಶಿವಪುರ ಕಂಬಾರ ನಮಸ್ಕಾರ : ಪದ್ಮಶ್ರೀ ಡಾI ಚಂದ್ರಶೇಖರ ಕಂಬಾರರ ಅಭಿನಂದನಾ ಗ್ರಂಥ |
| 260 ## - PUBLICATION, DISTRIBUTION, ETC. | |
| Place of publication, distribution, etc. | Mudubidire |
| Name of publisher, distributor, etc. | Chandrashekhara kambara abhinandana samiti |
| Date of publication, distribution, etc. | 2004 |
| 300 ## - PHYSICAL DESCRIPTION | |
| Extent | 272 |
| 650 ## - SUBJECT ADDED ENTRY--TOPICAL TERM | |
| Topical term or geographic name entry element | Chandrashekara kambara |
| 9 (RLIN) | 138802 |
| 690 ## - LOCAL SUBJECT ADDED ENTRY--TOPICAL TERM (OCLC, RLIN) | |
| Topical term or geographic name as entry element | Kannada Criticism |
| 9 (RLIN) | 138803 |
| 906 ## - LOCAL DATA ELEMENT F, LDF (RLIN) | |
| a | 059944 |
| 942 ## - ADDED ENTRY ELEMENTS (KOHA) | |
| Source of classification or shelving scheme | Dewey Decimal Classification |
| Koha item type | Book |
| Withdrawn status | Lost status | Source of classification or shelving scheme | Damaged status | Not for loan | Collection code | Home library | Current library | Date acquired | Source of acquisition | Cost, normal purchase price | Total Checkouts | Full call number | Barcode | Date last seen | Price effective from | Koha item type |
|---|---|---|---|---|---|---|---|---|---|---|---|---|---|---|---|---|
| Dewey Decimal Classification | Kannada | St Aloysius Library | St Aloysius Library | 02/17/2021 | Spatika Prakashana, Mudbidire. | 150.00 | K894.9 JAYS | 059944 | 02/17/2021 | 02/17/2021 | Book |